Vydarené finále Tituly autokrasového kráľa 1983 Röselovi a Derberovi

Bibliographic Details
Main Author: (jp) (Author)
Format: Article
Language:Slovak
PhysicalDescription:Obr. 1.
Subjects:

MARC

LEADER 00000nab a2200000 a 4500
001 vtls000164833
003 SK-MaSNL
005 20260302203022.0
008 111104c1983 xo 0 slo
015 |a SNBRB19rr/mm-uuuuu 
035 |a CL0174944 
040 |a SNKBUCL  |b slo  |c SNKBUCL  |e AACR2 
041 0 |a slo 
044 |a xo  |c SK 
080 |a 796.71.093.1(4)  |2 1981 
100 1 |a (jp)  |4 aut  |9 850437 
245 1 0 |a Vydarené finále  |b Tituly autokrasového kráľa 1983 Röselovi a Derberovi  |c (jp) 
300 |b Obr. 1. 
650 0 7 |a automobilizmus  |2 snkbucl  |9 13242 
650 0 7 |a autokros  |2 snkbucl  |9 14765 
651 7 |a 3702  |2 snkbucl  |9 353010 
655 7 |a články z novín a časopisov  |2 snkbucl  |9 267496 
773 0 |t Šport  |g Roč. 37, č. 248 (20. 10. 1983), s. 4 
850 |a Slovenská národná knižnica v Martine  |a MTA001 
852 |a SNK  |b KIS3GCP 
958 |a RK 
992 |a RBX 
999 |c 1467366  |d 1469296